Thresholds of motivation : (Record no. 346768)

000 -LEADER
fixed length control field 00775 a2200157 4500
020 ## - INTERNATIONAL STANDARD BOOK NUMBER
International Standard Book Number 0074622323 (hardcover)
020 ## - INTERNATIONAL STANDARD BOOK NUMBER
International Standard Book Number 9780074622322 (hardcover)
090 ## - LOCALLY ASSIGNED LC-TYPE CALL NUMBER (OCLC); LOCAL CALL NUMBER (RLIN)
-- 4321
-- 4321
100 1# - MAIN ENTRY--PERSONAL NAME
Personal name Mahesh, V. S.
245 10 - TITLE STATEMENT
Title Thresholds of motivation :
Remainder of title nurturing human growth in the organization /
Statement of responsibility, etc. V. S. Mahesh.
260 ## - PUBLICATION, DISTRIBUTION, ETC.
Place of publication, distribution, etc. [S.l.] :
Name of publisher, distributor, etc. Mcgraw-Hill,
Date of publication, distribution, etc. 1994.
300 ## - PHYSICAL DESCRIPTION
Extent 292 p. ;
Dimensions 24 cm.
520 ## - SUMMARY, ETC.
Summary, etc. The human wisdom of the East meets the corporate savvy of the West in this thought-provoking book. Through a user-friendly model of motivation, V.S. Mahesh shows how businesses can achieve greater success by nurturing self-actualization among workers.
856 40 - ELECTRONIC LOCATION AND ACCESS
Materials specified Amazon.com
Uniform Resource Identifier <a href="http://www.amazon.com/exec/obidos/ASIN/0074622323/chopaconline-20">http://www.amazon.com/exec/obidos/ASIN/0074622323/chopaconline-20</a>
942 ## - ADDED ENTRY ELEMENTS (KOHA)
Institution code [OBSOLETE] NBS
Koha item type Book
Call number prefix 658.3 MAH
Holdings
Withdrawn status Lost status Damaged status Not for loan Permanent Location Current Location Date acquired Total Checkouts Full call number Barcode Date last seen Date last checked out Price effective from Koha item type
        Central Library (CL) Central Library (CL) 08/28/2013 1 658.3 MAH NBS3828 06/17/2015 02/25/2015 08/28/2013 Book
© 2023 Central Library, National University of Sciences and Technology. All Rights Reserved.